000 003980000a22001690004500
003 LK-CoMWRAF
008 230817t ||||| |||| 00| 0 eng d
040 _aLK-CoMWRAF
_dLK-CoMWRAF
_eLK-CoMWRAF
041 _aeng
082 _a154
_bFIR
100 _aFiraqi, Maulana
245 _aForty Questions
_b
260 _b
_aSri Lanka
_c1988
300 _ap.104
650 _aIslam and Peace
942 _cBK
999 _c1582
_d1582